Państwa z najwiekszą ilością wygranych bitew - Statystyki

Ogólne statystyki
  • Ten quiz został rozwiązany 175 razy
  • Średni wynik to 11 z 15
Statystyki odpowiedzi
Hint Odpowiedź % Poprawnych
344 Polska
98%
491 Rosja
98%
425 Niemcy
97%
1115 Francja
96%
833 Usa
95%
1105 Wielka brytania
95%
244 Chiny
90%
387 Hiszpania
87%
183 Japonia
83%
210 Turcja
77%
165 Szwecja
73%
209 Austria
65%
259 Rzym
41%
137 Australia
35%
135 Prusy
10%
Nie znaleziono quizów pasujących do podanych kryteriów
Rozkład punktacji
Procent ludzi z każdym wynikiem
Percentyl według liczby udzielonych odpowiedzi
Twoja historia wyników
Nie rozwiązałeś tego quizu